000 00932nas a2200301 4500
001 BR2016003898
003 BR-BrBNA
005 20231205130610.0
007 ta
008 230509b bl.|||p| |||| 00| 00por d
040 _aBR-BrBNA
_bpor
_cBiblioteca Nacional de Agricultura
041 _a(Pt)
072 _aQ02
100 1 _aFerreira, P.R.
100 1 _aTalma, S.V.
100 1 _aMartins, M.L.L.
100 1 _aSilva, C.M.
100 1 _aResende, E.D. de
245 1 _aTratamento térmico e químico para controle da atividade da poligalacturonase no albedo do maracujá
650 _aMARACUJÁ
650 _aCASCA
650 _aPROCESSAMENTO
650 _aPROPRIEDADE FÍSICO-QUÍMICA
650 _aTRATAMENTO TÉRMICO
773 0 _tPesquisa Agropecuária Brasileira (Brazil)
_xISSN 0100-204X
_g(Apr 2016), v. 51(4) p. 388-396
_wBR2016003898
909 _a202311
_bLúcia
_c55
_dLúcia Elande
942 _2AGRIS
_n0
_cANA
999 _c250272
_d250272